| 000 | 00732nam a2200289Ia 4500 | ||
|---|---|---|---|
| 005 | 20260324144058.0 | ||
| 008 | 008 260324s9999 xx 000 0 eng d | ||
| 020 | _a9781315211893 | ||
| 037 | _aEBOOK | ||
| 040 | _aCRL | ||
| 040 | _beng | ||
| 040 | _cCRL | ||
| 041 | _2eng | ||
| 041 | _aeng | ||
| 084 | _qCRL | ||
| 100 |
_aRik Carl D'Amato; Raymond S. Dean _91217994 |
||
| 245 | 4 | _aThe School Psychologist in Nontraditional Settings | |
| 245 | 0 | _bIntegrating Clients, Services, and Settings | |
| 260 | _bTaylor and Francis | ||
| 260 | _c1989 | ||
| 365 | _a | ||
| 365 | _b130 | ||
| 856 | _uhttp://www.taylorfrancis.com/books/9781315211893 | ||
| 942 | _cEBOOK | ||
| 999 |
_c1824173 _d1824173 |
||